Najpopularniejsze marki samochodów z różnych państw - Statystyki

Ogólne statystyki
  • Ten quiz został rozwiązany 68 razy
  • Średni wynik to 28 z 52
Statystyki odpowiedzi
Państwo pochodzenia Marka samochody % Poprawnych
Niemiecka Audi
97%
Niemiecka BMW
92%
Niemiecka Mercedes
89%
Włoska Fiat
86%
Niemiecka Opel
86%
Czeska Skoda
86%
Japońska Toyota
84%
Niemiecka Volkswagen
81%
Francuska Citroen
79%
Włoska Ferrari
79%
Szwedzka Volvo
79%
Amerykańska Ford
78%
Włoska Lamborghini
78%
Francuska Peugeot
76%
Koreańska Hyundai
75%
Niemiecka Porsche
75%
Japońska Honda
73%
Koreańska Kia
73%
Francuska Renault
71%
Hiszpańska Seat
67%
Amerykańska Chevrolet
63%
Japońska Nissan
62%
Włoska Alfa Romeo
60%
Niemiecko-Francuskie Bugatti
54%
Amerykańska Dodge
54%
Japońska Mazda
54%
Japońska Mitsubishi
54%
Szwedzka SAAB
51%
Brytyjska Aston Martin
48%
Japońska Suzuki
48%
Brytyjska Bentley
44%
Japońska Subaru
44%
Brytyjska Jaguar
43%
Włoska Maserati
43%
Amerykańska Jeep
40%
Brytyjska Land Rover
38%
Japońska Lexus
38%
Amerykańska Tesla
37%
Szwedzka Scania
33%
Amerykańska Cadillac
32%
Hiszpańska Cupra
32%
Włoska Lancia
30%
Amerykańska Chrysler
29%
Brytyjska McLaren
27%
Szwedzka Koenigsegg
19%
Włoska Abarth
17%
Amerykańska Buick
17%
Brytyjska Lotus
16%
Japońska Daihatsu
13%
Amerykańska Hummer
10%
Amerykańska RAM
10%
Brytyjska Morgan
6%
Nie znaleziono quizów pasujących do podanych kryteriów
Rozkład punktacji
Procent ludzi z każdym wynikiem
Percentyl według liczby udzielonych odpowiedzi
Twoja historia wyników
Nie rozwiązałeś tego quizu